Wwe wreslters - Statistics

General Stats
  • This quiz has been taken 15 times
  • The average score is 4 of 15
Answer Stats
Hint Answer % Correct
Roman reigns
77%
Pizza Aj Styles
62%
Drew Mcintyre
38%
Cesaro
31%
Edge
31%
Bianca Belair
23%
Jeff Hardy
23%
Keith Lee
23%
Matt riddle
23%
Goldberg
15%
Kalisto
15%
Lince Dorado
15%
Mark Henry
15%
Fandango
8%
Lars Sullivan
8%
No matching quizzes found
Score Distribution
Percent of People with Each Score
Percentile by Number Answered
Your Score History
You have not taken this quiz